Normal view MARC view
  • X-ray microscopy

Entry Topical Term

Number of records used in: 1

001 - CONTROL NUMBER

  • control field: 99253

003 - CONTROL NUMBER IDENTIFIER

  • control field: NUST

005 - DATE AND TIME OF LATEST TRANSACTION

  • control field: 20221006112401.0

008 - FIXED-LENGTH DATA ELEMENTS

  • fixed length control field: 221006|| aca||aabn | a|a d

040 ## - CATALOGING SOURCE

  • Original cataloging agency: NUST
  • Transcribing agency: NUST

150 ## - HEADING--TOPICAL TERM

  • Topical term or geographic name entry element: X-ray microscopy

670 ## - SOURCE DATA FOUND

  • Source citation: Work cat.: (NUST)0: Stock, Stuart R., author. 99251, Microcomputed tomography :
© 2023 Central Library, National University of Sciences and Technology. All Rights Reserved.